000 00433nam a2200169 a 4500
003 E
005 20171121151119.0
008 010602s19uu xx 00 eng d
050 _aTR(PS E
_bZa14 1987
245 _aZak's new home /
_cby World Book.
260 _a[s.l.] :
_bWorld Book, Inc,
_c1987.
300 _a1v. (unp.) ; ill.
440 _aEarly World of Learning
650 _aAlphabets
942 _2ddc
_cBK
999 _c102605
_d102605